| 000 | 01518nam a2200385 a 4500 | ||
|---|---|---|---|
| 001 | ebr10504507 | ||
| 003 | CaPaEBR | ||
| 006 | m u | ||
| 007 | cr cn||||||||| | ||
| 008 | 110708s2011 enka sb 001 0 eng d | ||
| 010 | _z 2011282916 | ||
| 020 | _z9781845118914 (hbk.) | ||
| 020 | _z184511891X (hbk.) | ||
| 020 | _z9780857719928 (e-book) | ||
| 040 |
_aCaPaEBR _cCaPaEBR |
||
| 035 | _a(OCoLC)759006994 | ||
| 043 | _aa-ir--- | ||
| 050 | 1 | 4 |
_aDS135.I65 _bA43 2011eb |
| 082 | 0 | 4 |
_a955.004924 _222 |
| 100 | 1 | _aAmanat, Mehrdad. | |
| 245 | 1 | 0 |
_aJewish identities in Iran _h[electronic resource] : _bresistance and conversion to Islam and the Baha'i faith / _cMehrdad Amanat. |
| 260 |
_aLondon ; _aNew York : _bI.B. Tauris, _c2011. |
||
| 300 |
_axi, 279 p. : _bill. |
||
| 490 | 1 |
_aLibrary of modern religion ; _v9 |
|
| 504 | _aIncludes bibliographical references (p. [259]-272) and index. | ||
| 533 |
_aElectronic reproduction. _bPalo Alto, Calif. : _cebrary, _d2013. _nAvailable via World Wide Web. _nAccess may be limited to ebrary affiliated libraries. |
||
| 650 | 0 |
_aJews _xCultural assimilation _zIran. |
|
| 650 | 0 |
_aMuslim converts from Judaism _zIran. |
|
| 650 | 0 |
_aBahai converts from Judaism _zIran. |
|
| 650 | 0 |
_aJews _zIran _xIdentity. |
|
| 655 | 7 |
_aElectronic books. _2local |
|
| 710 | 2 | _aebrary, Inc. | |
| 830 | 0 |
_aLibrary of modern religion ; _v9. |
|
| 856 | 4 | 0 |
_uhttp://site.ebrary.com/lib/rucke/Doc?id=10504507 _zAn electronic book accessible through the World Wide Web; click to view |
| 999 |
_c114389 _d114389 |
||